[Event "Foment Martinenc op-B 16th"]
[Site "Barcelona"]
[Date "2014.06.14"]
[Round "8"]
[White "Sanchez Coves, Juan Josep"]
[Black "Lopez Contreras Gonzalez, Javier"]
[Result "1-0"]
[WhiteElo "1824"]
[BlackElo "1801"]
[PlyCount "61"]
[EventDate "2014.04.26"]
[EventType "swiss"]
[EventRounds "9"]
[EventCountry "ESP"]
[SourceTitle "EXT 2015"]
[Source "ChessBase"]
[SourceDate "2014.11.20"]
[SourceVersion "1"]
[SourceVersionDate "2014.11.20"]
[SourceQuality "1"]

1. e4 c5 2. Nf3 a6 3. g3 Nc6 4. Bg2 e6 5. d3 d6 6. 0-0 Nf6 7. c3 Be7 8. Re1 0-0 9. d4 cxd4 10. cxd4 b6 11. e5 Nd5 12. Nc3 Nxc3 13. bxc3 Bb7 14. h4 h6 15. Bf4 Qc7 16. Nh2 dxe5 17. dxe5 Rad8 18. Qh5 Na5 19. Bxb7 Nxb7 20. Bxh6 gxh6 21. Qxh6 Qc4 22. Rab1 b5 23. Nf3 Qg4 24. Ng5 Bxg5 25. hxg5 Qf5 26. Qf6 Qxf6 27. gxf6 Rd2 28. Re4 Rfd8 29. Rbb4 Rxa2 30. Rg4+ Kh7 31. Rg7+ 1-0

[Event "Foment Martinenc op-B 16th"]
[Site "Barcelona"]
[Date "2014.05.31"]
[Round "6"]
[White "Lopez Contreras Gonzalez, Javier"]
[Black "Moya Nunez, Pau Salvador"]
[Result "1-0"]
[WhiteElo "1801"]
[BlackElo "1757"]
[PlyCount "69"]
[EventDate "2014.04.26"]
[EventType "swiss"]
[EventRounds "9"]
[EventCountry "ESP"]
[SourceTitle "EXT 2015"]
[Source "ChessBase"]
[SourceDate "2014.11.20"]
[SourceVersion "1"]
[SourceVersionDate "2014.11.20"]
[SourceQuality "1"]

1. c4 c5 2. Nc3 Nc6 3. g3 g6 4. Bg2 Bg7 5. e4 e5 6. d3 d6 7. Nge2 f5 8. 0-0 Nge7 9. Rb1 0-0 10. a3 a5 11. Bd2 h6 12. Nb5 Kh7 13. f4 Be6 14. fxe5 dxe5 15. Be3 Nd4 16. Nbc3 Nec6 17. h3 Qd7 18. Kh2 Rad8 19. Nd5 Bxd5 20. exd5 Ne7 21. b4 axb4 22. axb4 b6 23. bxc5 bxc5 24. Qd2 Rb8 25. Nc3 Rxb1 26. Rxb1 Qc7 27. Nb5 Nxb5 28. Rxb5 f4 29. Bxc5 fxg3+ 30. Kg1 g5 31. Qa5 Qd7 32. Bxe7 Qxe7 33. c5 Rd8 34. d6 Qd7 35. Qa6 1-0